Zdravie, práca, dôchodok zdravotná politika, ne/zamestnanosť a dôchodkové zabezpečenie v SR
Saved in:
| Main Author: | |
|---|---|
| Other Authors: | , |
| Format: | Book |
| Language: | Slovak |
| Published: |
Bratislava
S.P.A.C.E. (Centrum pre analýzu sociálnej politiky)
1999
|
| Subjects: | |
| Tags: |
No Tags, Be the first to tag this record!
|
MARC
| LEADER | 00000nam a2200000 4500 | ||
|---|---|---|---|
| 001 | c117642 | ||
| 005 | 20220726104146.2 | ||
| 020 | |a 80-967403-9-3 | ||
| 041 | 0 | |a slo | |
| 044 | |a SK | ||
| 245 | 1 | 0 | |a Zdravie, práca, dôchodok |b zdravotná politika, ne/zamestnanosť a dôchodkové zabezpečenie v SR |c Iveta Radičová, Helena Woleková, Juraj Nemec |
| 264 | 1 | |a Bratislava |b S.P.A.C.E. (Centrum pre analýzu sociálnej politiky) |c 1999 | |
| 300 | |a 212 s. | ||
| 610 | 2 | 0 | |a ochrana sociálna |
| 610 | 2 | 0 | |a poistenie dôchodkové |
| 610 | 2 | 0 | |a poistenie sociálne |
| 610 | 2 | 0 | |a poistenie starobné |
| 610 | 2 | 0 | |a poistenie zdravotné |
| 610 | 2 | 0 | |a pomoc sociálna |
| 610 | 2 | 0 | |a Slovensko |
| 610 | 2 | 0 | |a zabezpečenie dôchodkové |
| 610 | 2 | 0 | |a zabezpečenie sociálne |
| 100 | 1 | |a Radičová, Iveta | |
| 700 | 1 | |a Woleková, Helena | |
| 700 | 1 | |a Nemec, Juraj | |